01079 2200229 4500001002100000005001500021035002000036007000300056008004100059020002200100082001200122084001800134100002900152245010500181250001400286260003200300300004500332700002800377500038300405650004400788990001700832INLIS00000000000092920260519072129 a0010-0823000093ta260519 c 0 ind  a978-979-055-514-3 a297.911 a297.911 ALI j0 aAli Muakhir( Pengarang )1 aRasulullah teladan utama :bjejak nabi dan rasulullah /cAli Muakhir ,dkk ; Ilustrator, Ade Wawa,dkk a-Cet ke 7 aBandung :bSygma CMC,c2014 a48 :bilus. ;gambar berwarna ;c27 cme-0 aAde wawa ( Ilustrator ) a'Apakah tidak sampai kepada mereka berita (tentang ) orang-orang yang sebelum mereka, (yaitu ) kaum Nuh,'Ad,Tsamud,kaum ibrahim,penduduk Madyan,dan (penduduk) negeri-negeri yang telah musnah? Telah datang kepada mereka rasul-rasul dengan membawa bukti-bukti yang telah nyata,Allah tidak menzalimi mereka,tetapi merekalah yang menazalimi diri mereka sendiri " (Qs At-Taubah,9:70) 4aIsalm-Sejarah-Zaman Nabi Muhammad S.A.W a00115/R/2020